Ley de relaciones laborales : Análisis y comentario /
Guardado en:
| Autor Principal: | |
|---|---|
| Formato: | Libro |
| Idioma: | Spanish |
| Publicado: |
Bilbao :
Deusto,
1976
|
| Edición: | 2º ed. |
| Materias: | |
| Etiquetas: |
Agregar Etiqueta
Sin Etiquetas, Sea el primero en etiquetar este registro!
|
| LEADER | 00485nam a22001575a 4500 | ||
|---|---|---|---|
| 001 | DER.der002310 | ||
| 005 | 20061018000000.0 | ||
| 008 | 180615s1976####||||||||||||||||||||spa|| | ||
| 020 | |a 84-234-0210-X | ||
| 100 | 1 | |a Fernández Ruiz, José Luis | |
| 245 | 1 | 0 | |a Ley de relaciones laborales : |b Análisis y comentario / |c José Luis Fernández Ruiz |
| 250 | |a 2º ed. | ||
| 260 | |a Bilbao : |b Deusto, |c 1976 | ||
| 300 | 0 | |a 299 p. | |
| 653 | |a DERECHO LABORAL | ||
| 859 | |a DERECHO |b BIB. DERECHO |h 344.1 |i FER |p 004445 | ||
